Don Bosco Technical Institute of Makati
Library and Learning Resource Center
Online Public Access Catalog (OPAC)
Normal view MARC view

Entry Topical Term

Number of records used in: 1

001 - CONTROL NUMBER

  • control field: 11520

003 - CONTROL NUMBER IDENTIFIER

  • control field: OSt

005 - DATE AND TIME OF LATEST TRANSACTION

  • control field: 20190301132023.0

008 - FIXED-LENGTH DATA ELEMENTS

  • fixed length control field: 190301|| aca||aabn | a|a d

040 ## - CATALOGING SOURCE

  • Original cataloging agency: OSt
  • Transcribing agency: OSt

150 ## - HEADING--TOPICAL TERM

  • Topical term or geographic name entry element: Iron Man -- (Fictitious character).

670 ## - SOURCE DATA FOUND

  • Source citation: Work cat.: (OSt): Colfer, Eoin. 11517, The Gauntlet :, 2016.

Copyright 2017, Don Bosco Technical Institute of Makati, Inc. All Rights Reserved.
In partnership with: Nephila Web Technology, Inc.